000 00519nam a2200193Ia 4500
003 OSt
005 20221007083252.0
006 a|||||r|||| 00| 0
007 ta
008 221006b |||||||| |||| 00| 0 eng d
024 _a21,842
037 _cTheseses
040 _aFLL
_cFLL
_beng
041 _2eng
_aeng
100 _aHoti Prasad
245 0 _aComparative and critical study of various legal aspects of winding up of companies by the court
942 _cDIS
_2CC
999 _c1169458
_d1169458